书目信息 |
| 题名: |
开放的婚姻:充满自由选择和无限成长的婚姻关系
|
|
| 作者: | 欧尼尔夫妇 著 | |
| 分册: | ||
| 出版信息: | 长春 吉林人民出版社 1998.10 |
|
| 页数: | 264页 | |
| 开本: | 32开 | |
| 丛书名: | ||
| 单 册: | ||
| 中图分类: | C913.13 | |
| 科图分类: | ||
| 主题词: | 社会生活 , 社会问题 | |
| 电子资源: | ||
| ISBN: | 7-206-03064-5 | |
| 000 | 00694nam0 2200205 45 | |
| 001 | 0102121531 | |
| 005 | 20010212151040.9 | |
| 010 | @a7-206-03064-5@d16.00元 | |
| 100 | @a20010212d1998 km y0chiy0120 ea | |
| 101 | 0 | @achi |
| 105 | @a z 000yy | |
| 200 | 1 | @a开放的婚姻:充满自由选择和无限成长的婚姻关系@AKai Fang De Hun Yin:Chong Man Zi You Xuan Ze He Wu Xian Cheng Zhang De Hun Yin Guan Xi@f欧尼尔夫妇著;郑慧玲译@FOu Ni Er Fu Fu Zhu;Zheng Hui Ling Yi |
| 210 | @a长春@c吉林人民出版社@d1998.10 | |
| 215 | @a264页@d32开 | |
| 606 | 0 | @a社会生活 |
| 606 | 0 | @a社会问题 |
| 690 | @aC913.13@v3 | |
| 701 | 0 | @a欧尼尔夫妇@4著 |
| 801 | @aCN@bPftUser@c20010212 | |
| 905 | @b320996-000@dC913.13@eO221@f5 | |
| 开放的婚姻:充满自由选择和无限成长的婚姻关系/欧尼尔夫妇著;郑慧玲译.-长春:吉林人民出版社,1998.10 |
| 264页;32开 |
| ISBN 7-206-03064-5:16.00元 |
| ● |
| 相关链接 |
|
|
|
正题名:开放的婚姻:充满自由选择和无限成长的婚姻
索取号:C913.13/O221
 
预约/预借
| 序号 | 登录号 | 条形码 | 馆藏地/架位号 | 状态 | 备注 |
| 1 | 320996 | 203209964 | 社科库509/509社科库 61排2列5层/ [索取号:C913.13/O221] | 在馆 | |
| 2 | 320997 | 203209973 | 社科库509/509社科库 61排2列5层/ [索取号:C913.13/O221] | 在馆 | |
| 3 | 320998 | 203209982 | 社科库509/509社科库 61排2列5层/ [索取号:C913.13/O221] | 在馆 | |
| 4 | 320999 | 203209991 | 社科库509/509社科库 61排2列5层/ [索取号:C913.13/O221] | 在馆 | |
| 5 | 321000 | 203210006 | 社科库509/509社科库 61排2列5层/ [索取号:C913.13/O221] | 在馆 |